00529 a2200145 450000500170000002000180001708200140003510000170004924500570006626000450012330000400016894200130020899900150022195201470023620250623073232.0 a9987-617-36-0 a658.15MWL aMWISHO. A. M aA Study Manual on the Basics of Financial Management aMzumbe university,bMwisho. a. m,c2002. a226p,; figure & table c21.5cm 2ddccBKS c4586d4586 r2025-07-10 09:40:45l0o658.15 MWIpMZA0001905v90000.00w2025-07-10yBKS102ddc407000a003b003cGENd2025-02-19eTLSB Donationg30000.00